|
|
|
|
| LEADER |
01039nam a2200289 a 4500 |
| 001 |
40247 |
| 003 |
BD-DhAAL |
| 008 |
221227t1993 enka 001 0 eng d |
| 999 |
|
|
|c 45281
|d 45281
|
| 010 |
|
|
|a 92144248
|
| 020 |
|
|
|a 9780006545996
|
| 020 |
|
|
|a 0002153572 :
|c £17.50
|
| 040 |
|
|
|a MH
|c MH
|d BD-DhAAL
|
| 043 |
|
|
|a a-cc---
|
| 050 |
1 |
4 |
|a DS774
|b .C3718 1991b
|
| 082 |
|
|
|a 951.05092
|
| 100 |
1 |
|
|a Chang, Jung,
|d 1952-
|9 53202
|
| 245 |
1 |
0 |
|a Wild swans :
|b three daughters of China /
|c Jung Chang.
|
| 260 |
|
|
|a Hammersmith, London :
|b Flamingo,
|c 1993.
|
| 300 |
|
|
|a 696 pages :
|b illustrations ;
|c 24 cm.
|
| 541 |
|
|
|a Donated By Akbar Ali Khan
|e 40247
|
| 650 |
|
0 |
|a China
|v Biography.
|9 53203
|
| 650 |
|
0 |
|a Women
|z China.
|9 53204
|
| 651 |
|
0 |
|a China
|x History
|y 20th century.
|9 53205
|
| 852 |
|
|
|a Ayesha Abed Library
|c Akbar Ali Khan Collection
|
| 942 |
|
|
|2 ddc
|c BK
|
| 952 |
|
|
|0 0
|1 0
|2 ddc
|4 0
|6 951_050920000000000_CHA
|7 1
|9 72585
|a BRACUL
|b BRACUL
|c AAKC
|d 2022-12-27
|e Donated by Akbar Ali Khan
|l 0
|o 951.05092 CHA
|p 3010040247
|r 2022-12-27
|t 1
|w 2022-12-27
|y BK
|